| 000 | 01014nam a2200241Ia 4500 | ||
|---|---|---|---|
| 003 | Ost | ||
| 005 | 20260507075119.0 | ||
| 008 | 260507s9999||||xx |||||||||||||| ||und|| | ||
| 020 | _a8082719977 | ||
| 040 | _cfsecg | ||
| 041 | _aara | ||
| 082 | _a304.2 | ||
| 100 |
_aعبس، محمد يسرى ابراهيم _eمؤلف |
||
| 245 | 0 |
_aالآلة والعمل في المجتمع البدوي : _bدراسة في الأنتروبولوجيا الإقتصادية / _c محمد يسرى ابراهيم عبس |
|
| 260 |
_aالإسكندرية: _bدار المعارف, _c1996 |
||
| 300 |
_a59 صفحة؛ _bإيضاحات ؛ _c24 سم |
||
| 490 | _aسلسلة المعارف الإقتصادية والإدارية | ||
| 520 | _aالعلاقة بين الآلة في المجتمع البدوي- الآلة واستثمار الموارد في المجتمع البدوي | ||
| 653 | _aالآلة | ||
| 653 | _aالأنتروبولوجيا الإقتصادية | ||
| 653 | _aالعمل | ||
| 942 | _cكتاب | ||
| 999 |
_c43053 _d43053 |
||